The public service of Malaysia: some reflections on quality productivity and discipline (Record no. 479043)

000 -LEADER
fixed length control field 00427cam a22001217a 4500
008 - FIXED-LENGTH DATA ELEMENTS--GENERAL INFORMATION
fixed length control field 180718b1992 xxu||||| |||| 00| 0 eng d
082 ## - DEWEY DECIMAL CLASSIFICATION NUMBER
Classification number K12x595 M291
100 ## - MAIN ENTRY--PERSONAL NAME
Personal name Malaysia. Department of Prime Minister's
245 ## - TITLE STATEMENT
Title The public service of Malaysia: some reflections on quality productivity and discipline
260 ## - PUBLICATION, DISTRIBUTION, ETC.
Place of publication, distribution, etc. Kuala Lumpur
Name of publisher, distributor, etc. National Printing Department
Date of publication, distribution, etc. 1992
300 ## - PHYSICAL DESCRIPTION
Extent 355p.
650 ## - SUBJECT ADDED ENTRY--TOPICAL TERM
Topical term or geographic name entry element Civil Service - Malaysia
Holdings
Withdrawn status Lost status Damaged status Not for loan Permanent Location Current Location Date acquired Full call number Barcode Date last seen Price effective from Koha item type
        Indian Institute of Public Administration Indian Institute of Public Administration 2018-08-04 K12x595 M291 GG21584 2018-08-04 2018-08-04 GG

Powered by Koha